تنفيذ أحكام التحكيم الأجنبية وفقا للقانون الإماراتي والاتفاقيات الدولية : (Record no. 23214)

MARC details
000 -الفاتح
حقل البيانات ثابتة الطول 01325nam a22002655a 4500
003 - محدد رقم الضبط
رقم الضبط OSt
005 - وقت وتاريخ اخر تعامل مع التسجيلة
رقم الضبط 20161120154658.0
008 - عناصر البيانات ثابتة الطول - معلومات عامة
حقل البيانات ثابتة الطول 161120s2015 ua frb 000 0 ara d
020 ## - الرقم الدولى المعيارى للكتب
الرقم الدولى المعيارى للكتاب 9789770477489
040 ## - مصدر الفهرسة
وكالة الفهرسة الأصلية EG-ScBUE
لغة الفهرسة ara
وكالة النسخ EG-ScBUE
043 ## - رمز المنطقة الجغرافية
رمز المنطقة الجغرافية a-ts---
082 04 - رقم تصنيف ديوى العشرى
رقم التصنيف 341.522
رقم المادة ر ف ا
رقم الطبعة 22
100 1# - المدخل الرئيسى - إسم شخصى
الإسم الشخصى رفاعي، إيمان يونس محمد.
245 10 - بيان العنوان
العنوان تنفيذ أحكام التحكيم الأجنبية وفقا للقانون الإماراتي والاتفاقيات الدولية :
بقية العنوان دراسة مقارنة = The enforcement of foreign arbitration awards accordance to UAE law and international conventions : comparative study /
بيان المسئوليه,etc إعداد إيمان يونس محمد الرفاعي.
246 31 - العنوان الموازى
عنوان صحيح/عنوان مختصر Enforcement of foreign arbitration awards accordance to UAE law and international conventions : comparative study
260 ## - PUBLICATION, DISTRIBUTION, ETC. (IMPRINT)
مكان الناشر او الموزع القاهرة :
اسم الناشر او الموزع دار النهضة العربية،
تاريخ النشر أو التوزيع 2015.
300 ## - الوصف المادى
التعداد 251 ص. ؛
أبعاد الوعاء 24 سم.
504 ## - تبصرة ببليوجرافية
تبصرة ببليوجرافية,الخ يشتمل على إرجاعات ببليوجرافية.
650 #7 - المدخل الاضافى بالموضوع-مصطلح موضوعى
مصطلح موضوعي أو اسم جغرافي كعنصر مدخل تنفيذ الأحكام
التقسيم الفرعي الجغرافي الإمارات العربية المتحدة.
مصدر الرأس أو المصطلح BUEsh
650 #7 - المدخل الاضافى بالموضوع-مصطلح موضوعى
مصطلح موضوعي أو اسم جغرافي كعنصر مدخل التحكيم الدولي.
مصدر الرأس أو المصطلح BUEsh
9 (RLIN) 41124
650 #7 - المدخل الاضافى بالموضوع-مصطلح موضوعى
مصطلح موضوعي أو اسم جغرافي كعنصر مدخل الاتفاقيات الدولية.
مصدر الرأس أو المصطلح BUEsh
9 (RLIN) 16817
651 ## - المدخل الاضافى بالموضوع - اسم جغرافى
مصدر الرأس أو المصطلح BUEsh
653 ## - مصطلح تكشيفى غير مقيد
Resource For college Law
Arrived date list November2016
942 ## - عناصر المدخل الإضافي( كوها)
مصدر التصنيف او مخطط الترفيف Dewey Decimal Classification
Holdings
حالة التراجع حالة الفقد مصدر التصنيف او خطة الترفيف حالة تلف ليس للاعارة مجموعات كوها المكان الدائم المكان الحالي موقع الترفيف تاريخ الاكتساب Source of acquisition سعر الشراء الطبيعي تعداد مسلسل / التسلسل الزمني رقم الاستدعاء الباركود Date last seen التكلفة نوع الوعاء
    Dewey Decimal Classification     دار النهضة العربية Central Library Central Library First floor 20/11/2016 Purchase 50.00 2815 341.522 ر ف ا 000034917 15/07/2025 62.50 Book - Borrowing
    Dewey Decimal Classification     دار النهضة العربية Central Library Central Library First floor 20/11/2016 Purchase 50.00 2815 341.522 ر ف ا 000034918 15/07/2025 62.50 Book - Borrowing